Online katalóg knižníc regiónu Turca

Vysnívaná krajina (Record no. 22105)

MARC details
000 -LEADER
fixed length control field 02063cam a2200613 a 4500
001 - CONTROL NUMBER
control field 22105
003 - CONTROL NUMBER IDENTIFIER
control field VRT
005 - DATE AND TIME OF LATEST TRANSACTION
control field 20260320105422.0
008 - FIXED-LENGTH DATA ELEMENTS--GENERAL INFORMATION
fixed length control field 240315s2014 xo g 000 f slo
015 ## - NATIONAL BIBLIOGRAPHY NUMBER
National bibliography number SNBA2015/03
020 ## - INTERNATIONAL STANDARD BOOK NUMBER
International Standard Book Number 9788055140278
Qualifying information (viaz.)
035 ## - SYSTEM CONTROL NUMBER
System control number 9B730867-84B5-4FDD-A124-D7BD015AECA5
035 ## - SYSTEM CONTROL NUMBER
System control number urn:nbn:sk:snk-amjoun
035 ## - SYSTEM CONTROL NUMBER
System control number urn:nbn:sk:snk-am002fv4
039 #9 - LEVEL OF BIBLIOGRAPHIC CONTROL AND CODING DETAIL [OBSOLETE]
Level of rules in bibliographic description 202403151919
Level of effort used to assign nonsubject heading access points VLOAD
Level of effort used to assign subject headings 201604291803
Level of effort used to assign classification VLOAD
Level of effort used to assign subject headings 201604281010
Level of effort used to assign classification VLOAD
Level of effort used to assign subject headings 201508271526
Level of effort used to assign classification VLOAD
040 ## - CATALOGING SOURCE
Original cataloging agency POKPOH
Language of cataloging slo
Transcribing agency POKPOH
Modifying agency SNK
Description conventions AACR2
041 1# - LANGUAGE CODE
Language code of text/sound track or separate title slo
Language code of original ger
044 ## - COUNTRY OF PUBLISHING/PRODUCING ENTITY CODE
MARC country code xo
ISO country code SK
072 #7 - SUBJECT CATEGORY CODE
Subject category code 821.112.2-3
Subject category code subdivision Nemecká próza, nemecky písaná
Source konspekt
080 ## - UNIVERSAL DECIMAL CLASSIFICATION NUMBER
Universal Decimal Classification number 325(931)
Edition identifier 2001
080 ## - UNIVERSAL DECIMAL CLASSIFICATION NUMBER
Universal Decimal Classification number (0:82-311.6)
Edition identifier 2001
080 ## - UNIVERSAL DECIMAL CLASSIFICATION NUMBER
Universal Decimal Classification number 821.112.2-31
Edition identifier 2001
100 1# - MAIN ENTRY--PERSONAL NAME
Personal name Lark, Sarah,
Dates associated with a name 1958-
Relationship aut
240 14 - UNIFORM TITLE
Uniform title Die Zeit der Feuerblüten
Language of a work Slovensky
245 10 - TITLE STATEMENT
Title Vysnívaná krajina
Number of part/section of a work [2]
Name of part/section of a work Cesta za šťastím
Statement of responsibility, etc. Sarah Larková ; preložila Zuzana Guldanová
246 30 - VARYING FORM OF TITLE
Title proper/short title Cesta za šťastím
260 ## - PUBLICATION, DISTRIBUTION, ETC.
Place of publication, distribution, etc. Bratislava
Name of publisher, distributor, etc. Ikar
Date of publication, distribution, etc. 2014
300 ## - PHYSICAL DESCRIPTION
Extent 396 s.
Dimensions 24 cm
500 ## - GENERAL NOTE
General note 2., záverečný diel románu Vysnívaná krajina
650 07 - SUBJECT ADDED ENTRY--TOPICAL TERM
Topical term or geographic name entry element osídľovanie
Geographic subdivision Nový Zéland
Source of heading or term SNKPH
650 07 - SUBJECT ADDED ENTRY--TOPICAL TERM
Topical term or geographic name entry element Land settlement
Geographic subdivision New Zealand
Source of heading or term SNKPHeng
655 #7 - INDEX TERM--GENRE/FORM
Genre/form data or focus term nemecké romány
Source of term SNKPH
655 #7 - INDEX TERM--GENRE/FORM
Genre/form data or focus term historické romány
Source of term SNKPH
655 #7 - INDEX TERM--GENRE/FORM
Genre/form data or focus term German fiction
Source of term SNKPHeng
655 #7 - INDEX TERM--GENRE/FORM
Genre/form data or focus term Historical novels
Source of term SNKPHeng
700 1# - ADDED ENTRY--PERSONAL NAME
Personal name Guldanová, Zuzana,
Dates associated with a name 1963-
Relationship trl
910 ## - USER-OPTION DATA (OCLC)
User-option data pokpoh
910 ## - USER-OPTION DATA (OCLC)
User-option data snk
910 ## - USER-OPTION DATA (OCLC)
User-option data pppk
910 ## - USER-OPTION DATA (OCLC)
User-option data skpk
910 ## - USER-OPTION DATA (OCLC)
User-option data totk
910 ## - USER-OPTION DATA (OCLC)
User-option data bjkdg
910 ## - USER-OPTION DATA (OCLC)
User-option data ttkjf
910 ## - USER-OPTION DATA (OCLC)
User-option data sllk
910 ## - USER-OPTION DATA (OCLC)
User-option data vthk
910 ## - USER-OPTION DATA (OCLC)
User-option data hevk
942 ## - ADDED ENTRY ELEMENTS (KOHA)
Source of classification or shelving scheme Dewey Decimal Classification
Koha item type Krásna literatúra pre dospelých
Suppress in OPAC No
949 ## - LOCAL PROCESSING INFORMATION (OCLC)
6 2889216229
a savukPV 19724
b savuk2014/4036
949 ## - LOCAL PROCESSING INFORMATION (OCLC)
6 17A1118484
a snkSC 160786/2
b snk2014/23313
o 2261/14
s 6100:20140925
949 ## - LOCAL PROCESSING INFORMATION (OCLC)
6 17A1119476
a snkSC 160786/2 D1
b snk2014/24603
o 2261/14
949 ## - LOCAL PROCESSING INFORMATION (OCLC)
6 270001000477231
a svkbbB 51995-2
b svkbbm 748505
949 ## - LOCAL PROCESSING INFORMATION (OCLC)
6 3869A12590
a bpksh821.112.2-31
b bpksh68384
949 ## - LOCAL PROCESSING INFORMATION (OCLC)
6 273K0595473
a svkpoB 96752
b svkpo594273
Holdings
Stav vyradenia Strata Poškodenie Spôsob nadobudnutia Domovská knižnica Aktuálna knižnica Dátum nadobudnutia Cena Total checkouts Čiarový kód exemplára Date last seen Typ exemplára
      Kúpa Obecná knižnica Horná Štubňa Obecná knižnica Horná Štubňa 20.03.2026 14.90   9788055140278 20.03.2026 Krásna literatúra pre dospelých
Projekt je podporený Slovenskou asociáciou knižníc
Prevádzkuje Turčianska knižnica Martin 2026